Aşk-ı Nebi sanat olunca (Record no. 243)

MARC details
000 -BAŞLIK
Sabit Uzunlukta Kontrol Alanı 00894na a2200265 4500
001 - KONTROL NUMARASI
Denetim Alanı 21843
003 - KONTROL NUMARASI IDENTIFIER
Denetim Alanı MIRAKIL
005 - SON İŞLEM TARİHİ VE ZAMANI
Denetim Alanı 20181213154740.0
008 - SABİT-BOY VERİ ELEMANLARI - GENEL BİLGİLER
Sabit Uzunlukta Kontrol Alanı 170208b tu 000 0
040 ## - KATALOGLAMA KAYNAK
Orijinal Kataloglama Ajansı Milas
Kataloglama Dili tur
Metne Dönüştürmek Ajansı TR-AnCHP
041 ## - DİL KODU
Metin / Ses Parça Veya Ayrı Başlığın Dil Kodu tur
-- eng
082 ## - DEWEY ONLU SINIFLANDIRMA NUMARASI
Sınıflandırma Numarası 745.67
Ürün Numarası Ç31a 2013
090 ## - SINIFLAMA NUMARASI
Sınıflama Numarası 745.67 Ç31a 2013
100 ## - ANA GİRİŞ - KİŞİSEL İSİM
Kişisel Ad Çebi, Mehmet
245 ## - BAŞLIK TABLOSU
Başlık Aşk-ı Nebi sanat olunca
Başlığın Kalan = When love for the Prohet becomes art
Sorumluluk Tablosu, Vb Mehmet Çebi; fotoğraflayan Bahadır Taşkın, Affan Coşkun İpek
246 ## - UNVAN FORM VARYING
Başlık Doğru / Kısa Başlığı When love for the Prohet becomes art
260 ## - YAYIN, DAĞITIM, VB
Yayın, Dağıtım, Vb Yeri İstanbul
Yayıncı, Dağıtıcı, Vs Adı İstanbul Antik Sanat
Yayın, Dağıtım, Vb Tarihi 2013
Üretici Firma Bilnet Matbaacılık
300 ## - FİZİKSEL TANIM
Kapsam 279 s.
Diğer Fiziksel Ayrıntıları res.; fotğ.
Boyutlar 30 sm.
600 ## - KONU KATMA GİRİŞ - KURUMSAL ADI
Kişisel Ad Çebi, Mehmet
Genel Alt Bölümü Tezhip sanatı
Kronolojik Alt Bölümü Koleksiyonlar
650 ## - KONU KATMA GİRİŞ - TOPİKAL DÖNEM
Topikal Süreli Veya Coğrafi Ad Giriş Elemanı Tezhip
Genel Alt Bölümü Koleksiyonlar
650 ## - KONU KATMA GİRİŞ - TOPİKAL DÖNEM
Topikal Süreli Veya Coğrafi Ad Giriş Elemanı Hat sanatı
Genel Alt Bölümü Kataloglar
700 ## - KATMA GİRİŞ - KİŞİSEL İSİM
Kişisel Ad İpek, Affan Coşkun
700 ## - KATMA GİRİŞ - KİŞİSEL İSİM
Kişisel Ad Taşkın, Bahadır
942 ## - EKLENDİ GİRİŞ ELEMANLARI (KOHA)
Sınıflandırma Veya Raf Düzeni Kaynak Dewey Decimal Classification
Koha Öğesi Türü Books
999 ## - SİSTEM KONTROL NUMARALARI (KOHA)
Koha Biblionumber 243
Koha Biblioitemnumber 243
Holdings
Kalıcı Konum Mevcut Konum Edinme Tarihi Edinim Kaynak Toplam Check-Out'Lar Tam Çağrı Numarası Barkod Tarih Son Görülme İtibaren Geçerli Fiyatlar Koha Öğesi Türü
CHP Kütüphanesi CHP Kütüphanesi 02/08/2017 Bağış   745.67 Ç31a 2013 012908 02/08/2017 02/08/2017 Books